Building more affordable homes (Record no. 105008)
[ view plain ]
| 000 -LEADER | |
|---|---|
| fixed length control field | 01573cam a2200229 4500 |
| 001 - CONTROL NUMBER | |
| control field | ##L132079 |
| 008 - FIXED-LENGTH DATA ELEMENTS--GENERAL INFORMATION | |
| fixed length control field | 060103n2005 000 0 eng u |
| 020 ## - INTERNATIONAL STANDARD BOOK NUMBER | |
| International Standard Book Number | 0102936528 |
| 035 ## - SYSTEM CONTROL NUMBER | |
| System control number | (Sirsi) u132079 |
| 041 0# - LANGUAGE CODE | |
| Language code of text/sound track or separate title | eng |
| 050 04 - LIBRARY OF CONGRESS CALL NUMBER | |
| Classification number | 306.1 $2 18 |
| 110 1# - MAIN ENTRY--CORPORATE NAME | |
| Corporate name or jurisdiction name as entry element | United Kingdom |
| Subordinate unit | National Audit Office |
| 9 (RLIN) | 1350 |
| 245 00 - TITLE STATEMENT | |
| Title | Building more affordable homes |
| Remainder of title | improving the delivery of affordable housing in areas of high demand |
| Medium | [electronic resource] |
| 260 ## - PUBLICATION, DISTRIBUTION, ETC. | |
| Date of publication, distribution, etc. | 2005 |
| 520 ## - SUMMARY, ETC. | |
| Summary, etc. | Investigates the strength and efficiency of the delivery chain in place to improve the balance between housing availability and demand. Finds that most local authorities do not believe that they will be able to meet the demand for affordable housing in the next three years. Highlights the challenges faced by local authorities and government in addressing the provision of the large number of affordable homes necessary but shows that good progress is being made to increase the numbers of affordable homes and to build them more efficiently. Recommendations are made to national, regional and local bodies to improve the speed of housing delivery and to reduce the unit cost of homes. The ODPM has published a response to this study. |
| 590 ## - LOCAL NOTE (RLIN) | |
| Local note | IKA030106 |
| 650 ## - SUBJECT ADDED ENTRY--TOPICAL TERM | |
| Topical term or geographic name entry element | Affordable housing |
| 9 (RLIN) | 6215 |
| 690 ## - LOCAL SUBJECT ADDED ENTRY--TOPICAL TERM (OCLC, RLIN) | |
| Topical term or geographic name as entry element | PROPERTY-RESIDENTIAL PROPERTY-RESIDENTIAL PROPERTY DEVELOPMENT |
| 710 1# - ADDED ENTRY--CORPORATE NAME | |
| Corporate name or jurisdiction name as entry element | United Kingdom |
| Subordinate unit | Audit Commission |
| 9 (RLIN) | 3863 |
| 856 40 - ELECTRONIC LOCATION AND ACCESS | |
| Uniform Resource Identifier | <a href="https://www.nao.org.uk/publications/0506/building_more_affordable_homes.aspx">https://www.nao.org.uk/publications/0506/building_more_affordable_homes.aspx</a> |
| Public note | View the study free of charge at www.nao.org.uk |
| 942 ## - ADDED ENTRY ELEMENTS (KOHA) | |
| Suppress in OPAC | 0 |
| Withdrawn status | Lost status | Source of classification or shelving scheme | Damaged status | Not for loan | Home library | Current library | Shelving location | Date acquired | Total Checkouts | Full call number | Barcode | Date last seen | Copy number | Price effective from | Koha item type |
|---|---|---|---|---|---|---|---|---|---|---|---|---|---|---|---|
| Dewey Decimal Classification | Virtual | Virtual | Online | 03/01/2006 | ONLINE PUBLICATION | 132079-2001 | 06/08/2019 | 1 | 06/08/2019 | Book |